Factores de riesgo psicológicos que influyen en el consumo de bebidas alcohólicas en trabajadores de la "Cooperativa Minera Locatarios Tasna R.L." (Registro nro. 9697)
[ vista simple ]
| 000 -CABECERA (24) | |
|---|---|
| Campo de control interno | 02894nam a22002894a 4500 |
| 003 - IDENTIFICADOR DE CONTROL | |
| Campo control | BOLpUSFA |
| 005 - FECHA Y HORA DE CATALOGACION | |
| Campo de control | 20260415165932.0 |
| 008 - ELEMENTOS DE LONGITUD FIJA - INFORMACIÓN GENERAL | |
| Campo de control de longitud fija | t bo grm 001 | spa|| |
| 040 ## - Origen de la Catalogacion | |
| Origen de la Catalogacion | BOLpUSFA |
| 041 ## - Código de idioma (R) | |
| Código de lengua del texto/banda sonora o título independiente (R) | spa |
| 044 ## - Código de país de la publicación | |
| Codigo de pais MARC | BO |
| 082 ## - Número de la Clasificación Decimal Dewey | |
| Número de la Clasificación Decimal Dewey | PSI0018 |
| Codigo Cutter | M263f T |
| 100 ## - Autor Personal | |
| Autor Personal | Mamani Flores, Mabel |
| 245 ## - Titulo | |
| Titulo | Factores de riesgo psicológicos que influyen en el consumo de bebidas alcohólicas en trabajadores de la "Cooperativa Minera Locatarios Tasna R.L." |
| 260 ## - Editorial | |
| Ciudad | Tupiza: |
| Nombre de la Editorial | Universidad Privada San Francisco de Asís. Carrera de Psicología, |
| Fecha | 2025 |
| 300 ## - Descripcion | |
| Extension | 89 p. |
| 502 ## - Nota de Tesis | |
| Nota de Tesis | Modalidad: Tesis de Grado - <br/>Tutor: Phd. Dr. Sandro Almanza López |
| 520 ## - Resumen | |
| Resumen | La presente investigación FACTORES DE RIESGO PSICOLOGICOS QUE INFLUYEN <br/>EN EL CONSUMO DE BEBIDAS ALCOHÓLICAS EN TRABAJADORES DE LA <br/>“COOPERATIVA MINERA LOCATARIOS TASNA R.L.” presenta un Planteamiento del <br/>Problema donde se evidencia que el consumo de alcohol representa una de las <br/>principales causas de mortalidad a nivel mundial, con millones de muertes anuales <br/>(OMS). <br/><br/>En el contexto minero, esta problemática se intensifica debido a las condiciones <br/>extremas de trabajo, como largas jornadas, exposición a riesgos físicos, aislamiento <br/>geográfico y alta exigencia laboral. teniendo como Objetivo General Determinar los <br/>factores de riesgo psicológicos que influyen en el consumo de bebidas alcohólicas en <br/>trabajadores de la “Cooperativa Minera Locatarios Tasna R.L.”, se utilizó un Diseño <br/>Metodológico con un Enfoque Cuantitativo, con un diseño no experimental y un tipo de <br/>investigación descriptiva-correlacional, aplicando una muestra no probabilística <br/>compuesta por 132 trabajadores, donde se utilizaron como instrumentos la escala DASS-<br/>21 y el test AUDIT, los cuales permitieron evidenciar una alta prevalencia de síntomas de <br/>depresión, ansiedad y, especialmente, estrés severo entre los sujetos evaluados., los <br/>Resultados encontrados a través del DASS-21 y del AUDIT, reveló una relación positiva <br/>fuerte entre ambas variables, indicando que a mayor presencia de factores de riesgo <br/>psicológicos, mayor es el consumo de alcohol. <br/><br/>Esta correlación confirma la hipótesis <br/>valida y demuestra la dependencia entre los estados emocionales negativos y las <br/>conductas de consumo, resaltando la necesidad de intervenciones psicológicas <br/>específicas para abordar estas problemáticas y disminuir el impacto del consumo nocivo <br/>de alcohol en los trabajadores. <br/> <br/> <br/> <br/> <br/> <br/> |
| 650 ## - Temas - Descriptores | |
| Temas - Descriptores | Psicología |
| 650 ## - Temas - Descriptores | |
| Temas - Descriptores | Tesis de Grado |
| 650 ## - Temas - Descriptores | |
| Temas - Descriptores | Factores de riesgo psicológicos |
| 650 ## - Temas - Descriptores | |
| Temas - Descriptores | Alcoholismo |
| 650 ## - Temas - Descriptores | |
| Temas - Descriptores | Mineros |
| 650 ## - Temas - Descriptores | |
| Temas - Descriptores | Empresas mineras |
| 651 ## - Punto de acceso adicional de materia - Nombre geográfico (R) | |
| Nombre geográfico (NR) | Potosí |
| 942 ## - ELEMENTOS DE KOHA | |
| Esquema de Clasificaci | |
| Tipo de Documento | Tesis |
| Catalogador | LLO |
| Retirado (estado) | Perdido (estado) | Fuente de Clasificacion | Deterioro (estado) | Prestamo | Coleccion | Ubicacion permanente | Ubicacion actual | Fondo | Fecha de adquisicion | Origen de adquisicion | Prestamos | Signatura Topografica | Codigo de barras | Ultima fecha de verificacion | Price effective from | Tipo de Item |
|---|---|---|---|---|---|---|---|---|---|---|---|---|---|---|---|---|
| No Dañado | Disponible | No Dañado | Disponible | Tesis | Biblioteca USFA Tupiza | Biblioteca USFA Tupiza | Colección Tesis | 04/15/2026 | Depósito | PSI0018 M263f T | BTZ00904 | 04/15/2026 | 04/15/2026 | Tesis |